[Event "GER-chT U14 Girls"]
[Site "Magdeburg"]
[Date "2013.12.28"]
[Round "4.4"]
[White "Lehnert, Anna Victoria"]
[Black "Shvartsman, Julia"]
[Result "1/2-1/2"]
[WhiteElo "1021"]
[BlackElo "911"]
[PlyCount "81"]
[EventDate "2013.12.27"]
[EventType "team-swiss"]
[EventRounds "4"]
[EventCountry "GER"]
[SourceTitle "EXT 2015"]
[Source "ChessBase"]
[SourceDate "2014.11.20"]
[SourceVersion "1"]
[SourceVersionDate "2014.11.20"]
[SourceQuality "1"]
[WhiteTeam "Langen"]
[BlackTeam "Graefelfing"]
[WhiteTeamCountry "GER"]
[BlackTeamCountry "GER"]

1. d4 d5 2. c4 dxc4 3. Nf3 e6 4. Bf4 Nf6 5. Nc3 Nc6 6. e3 Bb4 7. Bxc4 0-0 8. 0-0 b6 9. Nb5 a6 10. Nc3 Bb7 11. Qe2 Ne7 12. Rfd1 Ned5 13. Nxd5 Nxd5 14. Rac1 c5 15. dxc5 bxc5 16. Bg3 Qf6 17. a3 Ba5 18. Bxd5 exd5 19. Rxc5 Bb6 20. Be5 Qg6 21. Rcc1 a5 22. Bd4 Ba6 23. Qd2 Ba7 24. Bxa7 Rxa7 25. Qxd5 Bb7 26. Qg5 Bxf3 27. Qxg6 fxg6 28. gxf3 Rxf3 29. b4 axb4 30. axb4 Ra2 31. Rf1 Rb2 32. Rb1 Rxb1 33. Rxb1 Rf6 34. b5 Rb6 35. Kf1 Kf7 36. Ke2 Ke6 37. Kd3 Kd5 38. e4+ Kc5 39. e5 Rxb5 40. Rxb5+ Kxb5 41. Kd4 1/2-1/2

[Event "GER-chT U14 Girls"]
[Site "Magdeburg"]
[Date "2012.12.29"]
[Round "5.3"]
[White "Lehnert, Anna Victoria"]
[Black "Schilay, Maria"]
[Result "1-0"]
[WhiteElo "791"]
[BlackElo "1115"]
[PlyCount "83"]
[EventDate "2012.12.27"]
[EventType "team-swiss"]
[EventRounds "7"]
[EventCountry "GER"]
[SourceTitle "EXT 2014"]
[Source "ChessBase"]
[SourceDate "2013.11.20"]
[SourceVersion "1"]
[SourceVersionDate "2013.11.20"]
[SourceQuality "1"]
[WhiteTeam "Langen"]
[BlackTeam "Neumarkt"]
[WhiteTeamCountry "GER"]
[BlackTeamCountry "GER"]

1. e4 e5 2. Nf3 Nc6 3. Nc3 Nf6 4. Bb5 Bc5 5. d3 0-0 6. 0-0 d6 7. Re1 Ng4 8. Be3 Bb6 9. h3 Nf6 10. Bxb6 cxb6 11. d4 Qe7 12. d5 a6 13. Bxc6 bxc6 14. dxc6 Qc7 15. Nd5 Nxd5 16. exd5 Bf5 17. Re2 Qe7 18. Re3 Rac8 19. Qe2 e4 20. Nd4 Qg5 21. Re1 Rce8 22. f3 h6 23. g4 h5 24. Nxf5 hxg4 25. hxg4 Rd8 26. Rxe4 Kh7 27. Re7 Qg6 28. Nh4 Qf6 29. Nf5 g6 30. Ng3 Qg7 31. Re8 Qd4+ 32. Kg2 Qxd5 33. Rxf8 Rxf8 34. Qe7 Qd2+ 35. Re2 Qh6 36. c7 Qg7 37. Qe8 Rxe8 38. Rxe8 Qxb2 39. c8Q Qg7 40. g5 d5 41. Qh3+ Qh6 42. Qxh6# 1-0